Manual de higiene y seguridad industrial para minimizar los riesgos en el taller de soldadura D'Trinidad ubicado en Managua

Presenta una propuesta de manual de higiene y seguridad industrial para minimizar los riesgos en el taller de soldadura D Trinidad. La elaboración de esta investigación tiene como finalidad la importancia del factor humano, el cual se analiza en la seguridad, higiene e integración del personal en...

Full description

Bibliographic Details
Main Authors: Morales Sandoval, Fabio Enrrique, Martínez Obregón, David Antonio, Rocha López, Kenia Nadiezka
Other Authors: Tutor: Cáceres Antón, Juan Agustín
Format: Tesis Section = Libro
Language:Undetermined
Spanish
Published: Managua UNI 2010
Subjects:
LEADER 01443nam a2200277Ia 4500
008 240830s9999 xx 000 0 und d
040 |a BIBLIOTECA-RUPAP Mon 658.38 M828 
041 |a spa 
082 |a Mon 658.38 M828 
100 1 |a Morales Sandoval, Fabio Enrrique 
100 1 |b  Martínez Obregón, David Antonio 
100 1 |c  Rocha López, Kenia Nadiezka 
245 1 0 |a Manual de higiene y seguridad industrial para minimizar los riesgos en el taller de soldadura D'Trinidad ubicado en Managua 
260 |a Managua  |b UNI  |c 2010 
300 |a 103 p. :il. 
500 |a Contiene: anexos e Incluye: CD. 
502 |a Tesis (Ingeniero Industrial)- UNI, 2010. 
520 3 |a Presenta una propuesta de manual de higiene y seguridad industrial para minimizar los riesgos en el taller de soldadura D Trinidad. La elaboración de esta investigación tiene como finalidad la importancia del factor humano, el cual se analiza en la seguridad, higiene e integración del personal en su entorno laboral es decir que cada operario se sienta seguro, cómodo y motivado en su puesto de trabajo con el propósito de elevar el desempeño de la empresa que garantice su efectividad, eficiencia. 
650 7 |a SEGURIDAD EN LAS EMPRESAS 
650 7 |b HIGIENE INDUSTRIAL 
650 7 |c SEGURIDAD DEL TRABAJO 
650 7 |d MEDIDAS DE SEGURIDAD 
700 1 |a Tutor:  |b Cáceres Antón, Juan Agustín 
942 |c BK  |2 ddc 
991 |a TESIS 
999 |c 17143